| 000 | 00475nmm a2200169Ia 4500 | ||
|---|---|---|---|
| 008 | 251105s9999||||xx |||||||||||||||||und|| | ||
| 020 | _a9789878967066 | ||
| 041 | _aspa | ||
| 100 | _aAráoz, Inés | ||
| 245 | 0 | _aPaisaje con figura | |
| 264 |
_a[Buenos Aires, Argentina] : _bEditorial Leviatán, _c2022 |
||
| 300 | _a82 páginas | ||
| 490 | _aPoesía Mayor | ||
| 650 | _aLatin American poetry | ||
| 856 | _uhttps://public.digitaliapublishing.com/a/133976 | ||
| 942 | _cCF | ||
| 999 |
_c97751 _d97751 |
||